Statistics for Translate finnish song to english

Click here to take the quiz!

General Stats

  • This quiz has been taken 10 times
  • The average score is 23 of 70

Answer Stats

HintAnswer% Correct
FinlandiaFinland
100%
JaAnd
88%
JaAnd
88%
JaAnd
88%
SinneThere
75%
SinneThere
75%
SielläThere
75%
TaasAgain
63%
OnpiIs
63%
OnIs
63%
MolotoffiMolotov
63%
MolotoffMolotov
63%
JoAlready
50%
LoppuiEnded
50%
MannerheiminMannerheims
50%
LupasiPromised
50%
SanoiSaid
50%
SitäThat
50%
EttäThat
50%
HuomennaTomorrow
50%
MeitäUs
50%
KunWhen
50%
KunWhen
50%
ArmeijaArmy
38%
TaaBehind
38%
ItkuCry
38%
KaikkiEverything
38%
HelsingissäIn Helsinki
38%
MolotoffinMolotovs
38%
EnemmänMore
38%
MuutkinOther
38%
PunaRed
38%
StaaliniStalin
38%
KuinThan
38%
UraalinUral
38%
OliWere
38%
OliWere
38%
AikooWill
38%
ValehtelitYou lied
38%
BobrikoffBobrikov
25%
TulitusFiring
25%
ItseHimself
25%
IivanaIvan
25%
LinjallaLine
25%
Njet molotoffNjet Molotov
25%
AlkoiStarted
25%
PääseeGets
13%
KarjalastaIn karelia
13%
VoittamatonInvincible
13%
HuijaritLiers
13%
PetroskoijaritLiers
13%
Vastusopponent
13%
ThusnaThey
13%
KäydäVisit
13%
SyödäänWe Eat
13%
KomissaaritCommissioners
0%
TorpanCroft
0%
PulitusHalving
0%
MaroziiIce cream
0%
IivananIivans
0%
PelkääIs afraid of
0%
MonenLots of
0%
HarosiiOK
0%
MatkallaOn route
0%
TurvelistaPeat moulding
0%
MaaPlace
0%
PolitrukitPolitracks
0%
HirmuScary
0%
AnkaraSevere
0%
KiiShut
0%

Score Distribution

Percentile by Number Answered

Percent of People with Each Score

Your Score History

You have not taken this quiz